[Event "Copenhagen Chess Challenge 2007"]
[Site "Ballerup"]
[Date "2007.??.??"]
[Round "7"]
[White "Ivanov, Mikhail"]
[Black "Bekker Jensen, Simon"]
[Result "1/2-1/2"]
[WhiteElo "2450"]
[BlackElo "2371"]
[PlyCount "67"]
[EventDate "2007.??.??"]
[EventType "swiss"]
[EventRounds "9"]
[EventCountry "DEN"]

1. d4 Nf6 2. c4 g6 3. Nc3 Bg7 4. e4 d6 5. Bd3 O-O 6. Nge2 Nc6 7. O-O Nh5 8. Bc2
e5 9. dxe5 dxe5 10. Qxd8 Nxd8 11. Be3 Ne6 12. Rfd1 Nf6 13. f3 c5 14. Nd5 Nxd5
15. cxd5 Nd4 16. Nxd4 cxd4 17. Bg5 Bd7 18. Bb3 Rfe8 19. Rac1 Rac8 20. Kf2 Bf8
21. a4 a5 22. Bd2 b6 23. Rxc8 Rxc8 24. Rc1 Rxc1 25. Bxc1 f6 26. Bd2 Bc5 27. Ke2
Kf8 28. Kd3 Ke7 29. Kc4 g5 30. Bxa5 Bc8 31. Kb5 Bd7+ 32. Kc4 Bc8 33. Kb5 Bd7+
34. Kc4 1/2-1/2

[Event "Copenhagen Chess Challenge 2007"]
[Site "Ballerup"]
[Date "2007.??.??"]
[Round "7"]
[White "Mejvik, Jacob"]
[Black "Christensen, Bo Garner"]
[Result "0-1"]
[WhiteElo "2003"]
[BlackElo "2242"]
[PlyCount "88"]
[EventDate "2007.??.??"]
[EventType "swiss"]
[EventRounds "9"]
[EventCountry "DEN"]

1. e4 e5 2. Nf3 Nc6 3. Bb5 a6 4. Ba4 Nf6 5. O-O Be7 6. Re1 b5 7. Bb3 O-O 8. c3
d6 9. h3 h6 10. d4 Re8 11. a4 Bd7 12. Nbd2 Bf8 13. axb5 axb5 14. Rxa8 Qxa8 15.
d5 Na5 16. Bc2 c6 17. dxc6 Qxc6 18. Nf1 Nc4 19. Ng3 g6 20. b3 Nb6 21. Qd3 Ra8
22. Be3 Be6 23. Nd2 Rc8 24. Bb1 d5 25. Bxb6 Qxb6 26. exd5 Nxd5 27. c4 Nf4 28.
Qf3 Bb4 29. Rxe5 Bxd2 30. Rxb5 Qd4 31. Kh2 Bd7 32. Qb7 Qxf2 33. Be4 Be3 34. Nh1
Qg1+ 35. Kg3 Qe1+ 36. Kf3 Qe2+ 37. Kg3 Nh5+ 38. Rxh5 g5 39. Kh2 Bf4+ 40. Ng3
Qf2 41. Bh7+ Kxh7 42. Qf3 Qxg3+ 43. Qxg3 Bxg3+ 44. Kxg3 Kg6 0-1

[Event "Copenhagen Chess Challenge 2007"]
[Site "Ballerup"]
[Date "2007.??.??"]
[Round "7"]
[White "Mikkelsen, Nikolaj"]
[Black "Gajic, Mladen"]
[Result "1/2-1/2"]
[WhiteElo "2305"]
[BlackElo "2094"]
[PlyCount "101"]
[EventDate "2007.??.??"]
[EventType "swiss"]
[EventRounds "9"]
[EventCountry "DEN"]

1. e4 Nf6 2. e5 Nd5 3. d4 d6 4. Nf3 dxe5 5. Nxe5 c6 6. c4 Nf6 7. Nc3 g6 8. h3
Bg7 9. Be3 O-O 10. Be2 Nfd7 11. Nf3 e5 12. O-O Qe7 13. d5 h6 14. d6 Qe8 15. c5
f5 16. Bc4+ Kh7 17. Re1 Qd8 18. b4 a5 19. a3 axb4 20. axb4 Rxa1 21. Qxa1 e4 22.
Bd4 Bf6 23. Bxf6 Qxf6 24. Nd2 Qd4 25. Qc1 b5 26. Ba2 Ne5 27. Re2 Nd3 28. Nb3
Qxb4 29. Qc2 Na6 30. f3 Naxc5 31. fxe4 Nxb3 32. Bxb3 Qd4+ 33. Kh1 Qxd6 34. Qd1
fxe4 35. Nxe4 Qd4 36. Bc2 Rd8 37. Qf1 Bf5 38. Ng3 Qd7 39. Nxf5 Qxf5 40. Qxf5
gxf5 41. Rd2 Kg7 42. Rxd3 Rxd3 43. Bxd3 Kf6 44. Kg1 Ke5 45. Kf2 f4 46. Ke2 Kd4
47. Kd2 b4 48. Bf5 c5 49. Kc2 Ke3 50. Be6 f3 51. gxf3 1/2-1/2

[Event "Copenhagen Chess Challenge 2007"]
[Site "Ballerup"]
[Date "2007.??.??"]
[Round "7"]
[White "Nicolajsen, Esben"]
[Black "Hartsteen, Mark"]
[Result "0-1"]
[WhiteElo "1887"]
[BlackElo "1973"]
[PlyCount "110"]
[EventDate "2007.??.??"]
[EventType "swiss"]
[EventRounds "9"]
[EventCountry "DEN"]

1. d4 Nf6 2. c4 g6 3. Nc3 Bg7 4. e4 d6 5. f4 O-O 6. Nf3 Re8 7. Be2 Nbd7 8. O-O
e5 9. dxe5 dxe5 10. Nxe5 Nxe5 11. Qxd8 Rxd8 12. fxe5 Nd7 13. Bg5 Re8 14. Nd5
Bxe5 15. Bf4 c6 16. Bxe5 Rxe5 17. Nc7 Rb8 18. Rad1 Rxe4 19. Bf3 Re7 20. g4 Nf8
21. Rfe1 Rxc7 22. Re8 Kg7 23. g5 Rd7 24. Rxd7 Nxd7 25. Bg4 Ne5 26. Rxc8 Rxc8
27. Bxc8 b6 28. Ba6 Nf3+ 29. Kg2 Nxg5 30. c5 Ne6 31. cxb6 axb6 32. Kf3 Kf6 33.
Ke3 Ke5 34. Be2 f5 35. b4 c5 36. b5 Nd4 37. Bf1 Nc2+ 38. Kd2 Nb4 39. a3 Nd5 40.
Be2 Kd4 41. a4 c4 42. Bd1 Kc5 43. Bf3 g5 44. h3 h6 45. Ke1 Nf4 46. h4 g4 47.
Bd1 Ng2+ 48. Kf2 Nxh4 49. Kg3 Ng6 50. Bc2 Ne7 51. Kf2 Kb4 52. Kg3 Kc3 53. Bd1
Kd2 54. a5 bxa5 55. Ba4 Nd5 0-1

[Event "Copenhagen Chess Challenge 2007"]
[Site "Ballerup"]
[Date "2007.??.??"]
[Round "7"]
[White "Nielsen, Jan Mose"]
[Black "Lund, Silas"]
[Result "0-1"]
[WhiteElo "2131"]
[BlackElo "2309"]
[PlyCount "88"]
[EventDate "2007.??.??"]
[EventType "swiss"]
[EventRounds "9"]
[EventCountry "DEN"]

1. d4 g6 2. c4 Bg7 3. Nf3 d6 4. e3 Nd7 5. Nc3 Ngf6 6. Bd3 O-O 7. Qc2 e5 8. dxe5
dxe5 9. O-O c6 10. e4 Qc7 11. b3 Re8 12. Bb2 Nc5 13. Rad1 a5 14. h3 Nh5 15.
Rfe1 Nxd3 16. Qxd3 Nf4 17. Qd6 Qxd6 18. Rxd6 Bf8 19. Rdd1 f6 20. Na4 Be6 21.
Bc3 b5 22. Nb6 Ra7 23. cxb5 cxb5 24. Bd2 Bc5 25. Bxf4 Bxb6 26. Be3 Bxe3 27.
Rxe3 a4 28. bxa4 Rxa4 29. a3 Rea8 30. Rdd3 Bc4 31. Rc3 Rd8 32. Kh2 Kf7 33. Kg3
Ke6 34. Kh2 Rd1 35. Ne1 Kd6 36. Nf3 Ra7 37. Ne1 Ra8 38. Nf3 Kc5 39. Kg3 Rad8
40. Ne1 R8d2 41. Kf3 Rb1 42. Nd3+ Kd4 43. Nc1 Rbb2 44. Nb3+ Bxb3 0-1

[Event "Copenhagen Chess Challenge 2007"]
[Site "Ballerup"]
[Date "2007.??.??"]
[Round "7"]
[White "Nilsson, Sebastian"]
[Black "Smith, Axel"]
[Result "1/2-1/2"]
[WhiteElo "2278"]
[BlackElo "2251"]
[PlyCount "107"]
[EventDate "2007.??.??"]
[EventType "swiss"]
[EventRounds "9"]
[EventCountry "DEN"]

1. e4 e5 2. Nf3 Nc6 3. Bb5 a6 4. Bxc6 dxc6 5. O-O Qd6 6. d3 g6 7. Be3 Bg7 8.
Nbd2 c5 9. Nc4 Qe7 10. Qd2 Bg4 11. a4 Bxf3 12. gxf3 Nf6 13. Rfb1 b6 14. Qc3 Nd7
15. a5 b5 16. Nd2 g5 17. Nf1 g4 18. fxg4 Qh4 19. f3 h5 20. Qe1 hxg4 21. Qxh4
Rxh4 22. Bf2 Rh7 23. fxg4 Nf6 24. g5 Ng4 25. Bg3 f6 26. gxf6 Bxf6 27. Kg2 Kd7
28. h3 Nh6 29. Ne3 Rg8 30. Rg1 Ke6 31. Raf1 c6 32. Kf3 Nf7 33. h4 Bd8 34. Nf5
Rf8 35. Bf2 Nh6 36. Rg6+ Kd7 37. Bxc5 Nxf5 38. exf5 Rxf5+ 39. Ke2 Rxf1 40. Kxf1
Bxh4 41. Rd6+ Kc7 42. Rg6 Be7 43. Bb6+ Kb7 44. Re6 Bg5 45. Kg2 Bc1 46. b3 Bb2
47. Kf3 Bd4 48. Bxd4 exd4 49. Ke4 Rh2 50. Ke5 Rxc2 51. Kd6 Rc3 52. Re7+ Kb8 53.
Re8+ Kb7 54. Re7+ 1/2-1/2

[Event "Copenhagen Chess Challenge 2007"]
[Site "Ballerup"]
[Date "2007.??.??"]
[Round "7"]
[White "Rasmussen, Allan Stig"]
[Black "Grandelius, Nils"]
[Result "1/2-1/2"]
[WhiteElo "2418"]
[BlackElo "2192"]
[PlyCount "98"]
[EventDate "2007.??.??"]
[EventType "swiss"]
[EventRounds "9"]
[EventCountry "DEN"]

1. e4 e5 2. Nf3 Nc6 3. d4 exd4 4. Nxd4 Nf6 5. Nc3 Bb4 6. Nxc6 bxc6 7. Bd3 d5 8.
exd5 O-O 9. O-O cxd5 10. Bg5 c6 11. Qf3 Bd6 12. h3 Rb8 13. Rab1 h6 14. Bxf6
Qxf6 15. Qxf6 gxf6 16. Ne2 Re8 17. Ng3 c5 18. Nh5 Be7 19. b3 Be6 20. c3 Rb6 21.
f4 c4 22. bxc4 dxc4 23. Be4 f5 24. Bc2 Rd8 25. Ng3 Bf6 26. Rxb6 axb6 27. Bxf5
Bxc3 28. Bxe6 fxe6 29. Rc1 Bd4+ 30. Kf1 b5 31. Ne4 Rf8 32. Nd6 Rxf4+ 33. Ke1
Bf2+ 34. Ke2 Bb6 35. Nxb5 Rf2+ 36. Kd1 Rxa2 37. Rxc4 Rxg2 38. Rc6 Ba5 39. Rxe6
Rd2+ 40. Kc1 Rh2 41. Rg6+ Kh7 42. Rg3 Bd2+ 43. Kd1 Bg5 44. Nc3 Rd2+ 45. Ke1 Rc2
46. Kf1 Rc1+ 47. Ke2 Rc2+ 48. Kd3 Rd2+ 49. Ke4 Rd8 1/2-1/2

[Event "Copenhagen Chess Challenge 2007"]
[Site "Ballerup"]
[Date "2007.??.??"]
[Round "7"]
[White "Semcesen, Daniel"]
[Black "Glud, Jakob Vang"]
[Result "1/2-1/2"]
[WhiteElo "2306"]
[BlackElo "2425"]
[PlyCount "73"]
[EventDate "2007.??.??"]
[EventType "swiss"]
[EventRounds "9"]
[EventCountry "DEN"]

1. d4 d5 2. c4 e6 3. Nc3 Be7 4. Nf3 Nf6 5. Qc2 O-O 6. Bg5 h6 7. Bh4 Nbd7 8. e3
a6 9. a3 dxc4 10. Bxc4 b5 11. Ba2 Bb7 12. Rd1 Rc8 13. Bb1 Re8 14. e4 Nf8 15.
O-O Ng6 16. Bg3 Nh5 17. Ne5 Ngf4 18. d5 Bd6 19. Nxf7 Kxf7 20. e5 Qg5 21. exd6
cxd6 22. Ne4 Qe5 23. Qd2 exd5 24. Bxf4 Nxf4 25. Ng3 Qg5 26. Qd4 h5 27. Qb6 Re7
28. h4 Qxh4 29. Rd4 Rc6 30. Qd8 Rc4 31. Bh7 Rxd4 32. Qg8+ Kf6 33. Qf8+ Rf7 34.
Qd8+ Re7 35. Qf8+ Rf7 36. Qd8+ Re7 37. Qf8+ 1/2-1/2

[Event "Copenhagen Chess Challenge 2007"]
[Site "Ballerup"]
[Date "2007.??.??"]
[Round "7"]
[White "Tikkanen, Hans"]
[Black "Skovgaard, Peter Nicolai"]
[Result "1-0"]
[WhiteElo "2335"]
[BlackElo "2243"]
[PlyCount "69"]
[EventDate "2007.??.??"]
[EventType "swiss"]
[EventRounds "9"]
[EventCountry "DEN"]

1. d4 Nf6 2. c4 c5 3. d5 e6 4. Nc3 exd5 5. cxd5 d6 6. e4 g6 7. f4 Bg7 8. Bb5+
Nfd7 9. Be2 a6 10. a4 Qh4+ 11. g3 Qd8 12. Nh3 O-O 13. Nf2 Re8 14. Qd3 a5 15. b3
Na6 16. Qd2 Nb4 17. Bb2 c4 18. Bxc4 Nc5 19. O-O Qb6 20. Rfe1 Bd7 21. Re3 Rac8
22. Rae1 Bh6 23. h4 Bg7 24. g4 f5 25. gxf5 gxf5 26. Rg3 Kh8 27. Nb5 Rg8 28. Kh2
Bxb5 29. Reg1 Rc7 30. axb5 h6 31. exf5 Na4 32. bxa4 Rxc4 33. Rxg7 Rxg7 34. Rxg7
Rc2 35. Qxc2 1-0

[Event "Copenhagen Chess Challenge 2007"]
[Site "Ballerup"]
[Date "2007.??.??"]
[Round "8"]
[White "Akdag, Dara Sevkan"]
[Black "Mikkelsen, Nikolaj"]
[Result "0-1"]
[WhiteElo "2018"]
[BlackElo "2305"]
[PlyCount "82"]
[EventDate "2007.??.??"]
[EventType "swiss"]
[EventRounds "9"]
[EventCountry "DEN"]

1. d4 g6 2. c4 Bg7 3. e4 d6 4. Be2 e5 5. d5 Na6 6. Nc3 f5 7. f3 Nf6 8. Qc2 O-O
9. Bg5 Nb4 10. Qb3 a5 11. h4 h6 12. Bxf6 Bxf6 13. O-O-O Bxh4 14. Kb1 f4 15. c5
Kg7 16. cxd6 cxd6 17. a3 Na6 18. Bxa6 bxa6 19. Qc2 Rb8 20. Rc1 Rf7 21. Nd1 Rfb7
22. Ne2 Bd7 23. Qd2 Bg5 24. Nec3 Rb3 25. Ka1 Qb6 26. Qc2 Bd8 27. Rb1 a4 28. Qd2
Bg5 29. Ka2 Rb7 30. Ka1 Bb5 31. Rh3 Bc4 32. Rh1 Qa5 33. Qc2 Bd8 34. g3 Bb6 35.
Qh2 h5 36. g4 Bd4 37. Qd2 Qc5 38. Rh2 Rxa3+ 39. bxa3 Qxa3+ 40. Qa2 Bxc3+ 41.
Nxc3 Qxc3+ 0-1

[Event "Copenhagen Chess Challenge 2007"]
[Site "Ballerup"]
[Date "2007.??.??"]
[Round "8"]
[White "Christensen, Bo Garner"]
[Black "Grandelius, Nils"]
[Result "0-1"]
[WhiteElo "2242"]
[BlackElo "2192"]
[PlyCount "94"]
[EventDate "2007.??.??"]
[EventType "swiss"]
[EventRounds "9"]
[EventCountry "DEN"]

1. Nf3 Nf6 2. c4 g6 3. Nc3 d5 4. cxd5 Nxd5 5. Qa4+ Bd7 6. Qd4 Nf6 7. e4 Nc6 8.
Qc4 Bg7 9. d4 O-O 10. d5 Na5 11. Qd3 c6 12. Be2 cxd5 13. exd5 Bf5 14. Qd1 Ne4
15. Bd2 Nxd2 16. Qxd2 Rc8 17. Nd4 Bd7 18. O-O Nc4 19. Bxc4 Rxc4 20. Nc2 Qa5 21.
Ne3 Rc5 22. Rfc1 Rfc8 23. Ned1 Qc7 24. h3 b5 25. Ne2 Rc2 26. Qe3 Qe5 27. Qxe5
Bxe5 28. Nec3 Rd2 29. a3 Bxc3 30. Rxc3 Rxc3 31. Nxc3 Rxb2 32. Rc1 Rb3 33. Ne4
Bf5 34. d6 exd6 35. Nxd6 Be6 36. Rc7 a5 37. Rb7 Rxa3 38. Rxb5 Ra1+ 39. Kh2 a4
40. g4 Kf8 41. Ne4 a3 42. Nc5 Bc4 43. Rb8+ Ke7 44. Rb7+ Kd6 45. Ne4+ Ke5 46.
Nd2 Bd5 47. Rb5 a2 0-1

[Event "Copenhagen Chess Challenge 2007"]
[Site "Ballerup"]
[Date "2007.??.??"]
[Round "8"]
[White "Gajic, Mladen"]
[Black "Semcesen, Daniel"]
[Result "1-0"]
[WhiteElo "2094"]
[BlackElo "2306"]
[PlyCount "71"]
[EventDate "2007.??.??"]
[EventType "swiss"]
[EventRounds "9"]
[EventCountry "DEN"]

1. e4 e5 2. d4 Nf6 3. dxe5 Nxe4 4. Qe2 Nc5 5. Nc3 c6 6. Nf3 Be7 7. Bf4 Ne6 8.
Bg3 Qa5 9. Nd2 b5 10. Nce4 Na6 11. c3 Bb7 12. f4 g6 13. h4 h5 14. a4 Qc7 15. f5
gxf5 16. Nd6+ Kf8 17. Qf3 Bxd6 18. exd6 Qb6 19. Rh3 f4 20. Bxf4 c5 21. a5 Qc6
22. Be5 Qxf3 23. Nxf3 Rg8 24. Bxb5 Rxg2 25. Bxd7 c4 26. Bb5 Nec5 27. Bxc4 Nd7
28. Bd4 Re8+ 29. Kf1 Rxb2 30. Rg3 Rc8 31. Bg7+ Ke8 32. Re1+ Kd8 33. Bxf7 Ndc5
34. Bf6+ Kd7 35. Ne5+ Kxd6 36. Nc4+ 1-0

[Event "Copenhagen Chess Challenge 2007"]
[Site "Ballerup"]
[Date "2007.??.??"]
[Round "8"]
[White "Glud, Jakob Vang"]
[Black "Rasmussen, Allan Stig"]
[Result "1/2-1/2"]
[WhiteElo "2425"]
[BlackElo "2418"]
[PlyCount "79"]
[EventDate "2007.??.??"]
[EventType "swiss"]
[EventRounds "9"]
[EventCountry "DEN"]

1. e4 c6 2. d4 d5 3. exd5 cxd5 4. Bd3 Nc6 5. c3 Nf6 6. Bf4 Bg4 7. Qb3 Qd7 8.
Nd2 e6 9. Ngf3 Bxf3 10. Nxf3 Bd6 11. Bxd6 Qxd6 12. O-O O-O 13. Rae1 Rab8 14.
Ne5 b5 15. a3 a5 16. Re3 b4 17. axb4 axb4 18. Qd1 bxc3 19. bxc3 Rfc8 20. Rfe1
Ne7 21. Rh3 Ng6 22. Bxg6 fxg6 23. Rhe3 Qa6 24. f3 Qa2 25. Qa1 Qxa1 26. Rxa1 Rb3
27. Ra6 Kf8 28. Rc6 Rxc6 29. Nxc6 Rb1+ 30. Kf2 Rb2+ 31. Re2 Rxe2+ 32. Kxe2 g5
33. Ne5 Ke7 34. Kd3 Nd7 35. c4 dxc4+ 36. Kxc4 Nb6+ 37. Kc5 Nd5 38. Nc4 Kd7 39.
g3 Ke7 40. Nd6 1/2-1/2

[Event "Copenhagen Chess Challenge 2007"]
[Site "Ballerup"]
[Date "2007.??.??"]
[Round "8"]
[White "Hansen, Lars Henrik Bech"]
[Black "Nielsen, Jan Mose"]
[Result "0-1"]
[WhiteElo "2100"]
[BlackElo "2131"]
[PlyCount "92"]
[EventDate "2007.??.??"]
[EventType "swiss"]
[EventRounds "9"]
[EventCountry "DEN"]

1. e4 c5 2. Nf3 Nc6 3. Nc3 d6 4. d4 cxd4 5. Nxd4 e5 6. Ndb5 a6 7. Na3 Nf6 8.
Bg5 b5 9. Nd5 Be7 10. Bxf6 Bxf6 11. Nxf6+ Qxf6 12. Qd5 Bb7 13. O-O-O O-O 14.
Qxd6 Qxf2 15. Qd2 Qh4 16. Qe1 Qe7 17. Bd3 Rfd8 18. Rf1 Rac8 19. Kb1 Qe6 20. c3
Rd7 21. Bc2 Rcd8 22. Rxd7 Rxd7 23. Bb3 Qg6 24. Qf2 Nd8 25. Qc5 Qxg2 26. Rg1
Qxe4+ 27. Bc2 Qd5 28. Qe3 g6 29. h4 e4 30. Qh3 Ne6 31. Qg4 Kf8 32. Qg3 Qd6 33.
Qh3 Qc5 34. Rf1 Qe5 35. Bb3 Bd5 36. c4 bxc4 37. Nxc4 Bxc4 38. Bxc4 e3 39. Bxe6
Rd2 40. Rxf7+ Ke8 41. Rf8+ Kxf8 42. Qf3+ Ke7 43. Qf7+ Kd8 44. Qf8+ Kc7 45. Qc8+
Kb6 46. Qb8+ Qxb8 0-1

[Event "Copenhagen Chess Challenge 2007"]
[Site "Ballerup"]
[Date "2007.??.??"]
[Round "8"]
[White "Lund, Silas"]
[Black "Ivanov, Mikhail"]
[Result "0-1"]
[WhiteElo "2309"]
[BlackElo "2450"]
[PlyCount "118"]
[EventDate "2007.??.??"]
[EventType "swiss"]
[EventRounds "9"]
[EventCountry "DEN"]

1. d4 Nf6 2. c4 g6 3. Nc3 Bg7 4. e4 d6 5. Be2 O-O 6. Nf3 e5 7. dxe5 dxe5 8.
Qxd8 Rxd8 9. Bg5 c6 10. Nxe5 Re8 11. f4 Na6 12. O-O-O Nc5 13. Bf3 Nh5 14. Nd3
Nxd3+ 15. Rxd3 h6 16. Rd8 Rxd8 17. Bxd8 Nxf4 18. Rd1 Be6 19. Bc7 g5 20. Bxf4
gxf4 21. Ne2 Bxc4 22. b3 Ba6 23. Nxf4 Bf6 24. Kc2 Re8 25. Rd7 Re5 26. Nd3 Ra5
27. a4 Kf8 28. Nb4 Ke8 29. Rd1 Rc5+ 30. Kb1 Rc3 31. Nxa6 bxa6 32. Rc1 Rxb3+ 33.
Ka2 Rb2+ 34. Ka3 Rb6 35. e5 Bxe5 36. Rxc6 Bxh2 37. Rxb6 axb6 38. Be2 a5 39. Kb3
Ke7 40. Kc3 f5 41. Kd4 Bf4 42. Bb5 Kf6 43. Kd3 Kg5 44. Ke2 Kg4 45. Bd7 h5 46.
Kf2 Bd6 47. Bb5 Bc5+ 48. Kf1 Kg3 49. Bd7 f4 50. Be8 h4 51. Bc6 Be3 52. Ke2 b5
53. axb5 a4 54. b6 a3 55. b7 Ba7 56. Bd5 f3+ 57. gxf3 h3 58. f4 h2 59. Kd3 a2
0-1

[Event "Copenhagen Chess Challenge 2007"]
[Site "Ballerup"]
[Date "2007.??.??"]
[Round "8"]
[White "Mejvik, Jacob"]
[Black "Hansen, Martin"]
[Result "1/2-1/2"]
[WhiteElo "2003"]
[BlackElo "2050"]
[PlyCount "103"]
[EventDate "2007.??.??"]
[EventType "swiss"]
[EventRounds "9"]
[EventCountry "DEN"]

1. e4 e6 2. d4 d5 3. Nc3 Nf6 4. e5 Nfd7 5. f4 c5 6. Nf3 cxd4 7. Nxd4 Bb4 8. Qg4
O-O 9. Be3 Nc6 10. h4 Nxd4 11. Bxd4 Nb8 12. Rh3 Nc6 13. Rg3 g6 14. O-O-O Nxd4
15. Rxd4 Bc5 16. Rd1 f5 17. Qf3 Qxh4 18. Na4 Qe7 19. Nxc5 Qxc5 20. Bd3 Rf7 21.
Rh1 Rg7 22. Rgh3 Bd7 23. g4 Re8 24. gxf5 gxf5 25. Rg3 Ree7 26. Rhg1 Qxg1+ 27.
Rxg1 Rxg1+ 28. Kd2 Reg7 29. Qe3 R7g2+ 30. Kc3 b6 31. Qd4 h5 32. Qb4 Rg7 33. Qd6
h4 34. Bxf5 exf5 35. Qxd5+ Rf7 36. e6 Rg3+ 37. Kd4 Bxe6 38. Qxe6 Rg4 39. Qh6
Re7 40. Kd5 Re4 41. c4 Rexf4 42. Qe6+ Kg7 43. Qe7+ Kh6 44. Qf8+ Rg7 45. Ke5
Rfg4 46. Qh8+ Kg6 47. Qe8+ Kg5 48. Qd8+ Kh5 49. Qh8+ Kg6 50. Qe8+ Kh7 51. Qh5+
Kg8 52. Qe8+ 1/2-1/2

[Event "Copenhagen Chess Challenge 2007"]
[Site "Ballerup"]
[Date "2007.??.??"]
[Round "8"]
[White "Pallesen, Jacob"]
[Black "Nicolajsen, Esben"]
[Result "1-0"]
[WhiteElo "2001"]
[BlackElo "1887"]
[PlyCount "61"]
[EventDate "2007.??.??"]
[EventType "swiss"]
[EventRounds "9"]
[EventCountry "DEN"]

1. e4 c5 2. Nf3 d6 3. d4 cxd4 4. Nxd4 Nf6 5. Nc3 g6 6. Be3 Bg7 7. f3 Nc6 8. Qd2
O-O 9. O-O-O d5 10. exd5 Nxd5 11. Nxc6 bxc6 12. Bd4 e5 13. Bc5 Be6 14. Ne4 Re8
15. h4 Re7 16. h5 Rd7 17. Bd3 Nf4 18. hxg6 hxg6 19. g3 Nxd3+ 20. cxd3 Bxa2 21.
Qh2 f5 22. Qh7+ Kf7 23. Rh6 Ke8 24. Qxg6+ Rf7 25. Nd6+ Kd7 26. Nxf7 Bxh6+ 27.
Nxh6 Qa5 28. Qd6+ Kc8 29. Qxc6+ Kd8 30. Qxa8+ Kc7 31. Qxa7+ 1-0

[Event "Copenhagen Chess Challenge 2007"]
[Site "Ballerup"]
[Date "2007.??.??"]
[Round "8"]
[White "Brondt, Nicolai Kvist"]
[Black "Nilsson, Sebastian"]
[Result "0-1"]
[WhiteElo "1637"]
[BlackElo "2278"]
[PlyCount "120"]
[EventDate "2007.??.??"]
[EventType "swiss"]
[EventRounds "9"]
[EventCountry "DEN"]

1. d4 e6 2. Nf3 c5 3. c3 Nf6 4. Bf4 b6 5. e3 Bb7 6. Nbd2 d6 7. Be2 Nbd7 8. O-O
Be7 9. h3 O-O 10. a4 a6 11. Nc4 Ne4 12. Bd3 d5 13. Nce5 Ndf6 14. Nd2 Nd6 15.
Qc2 c4 16. Be2 b5 17. b3 Rc8 18. axb5 axb5 19. bxc4 bxc4 20. Rfb1 Ra8 21. f3
Qc8 22. Rxa8 Qxa8 23. Qb2 Bc6 24. Ra1 Qb7 25. Qa2 Ra8 26. Qxa8+ Qxa8 27. Rxa8+
Bxa8 28. Kf1 Nh5 29. Bh2 Bh4 30. Bd1 Nf5 31. g4 Nxe3+ 32. Ke2 Nxd1 33. Kxd1 Nf6
34. f4 Ne8 35. g5 Nd6 36. Nef3 Nf5 37. Nxh4 Nxh4 38. Ke2 Nf5 39. Nf1 Bc6 40.
Ne3 Nd6 41. f5 Ne4 42. fxe6 Nxc3+ 43. Kf3 fxe6 44. Kf4 Kf7 45. Nc2 Ba4 46. Nb4
Ke7 47. Ke3 Kf7 48. Kf4 Ne4 49. Bg1 Kg6 50. h4 Kh5 51. Ke5 Bd7 52. Be3 Kxh4 53.
g6 hxg6 54. Nxd5 exd5 55. Kxd5 Nf6+ 56. Kxc4 Be6+ 57. Kc5 g5 58. Kd6 Ba2 59.
Bf2+ Kh3 60. Ke5 Ng4+ 0-1

[Event "Copenhagen Chess Challenge 2007"]
[Site "Ballerup"]
[Date "2007.??.??"]
[Round "8"]
[White "Peschardt, Soren"]
[Black "Hartsteen, Mark"]
[Result "1-0"]
[WhiteElo "2152"]
[BlackElo "1973"]
[PlyCount "89"]
[EventDate "2007.??.??"]
[EventType "swiss"]
[EventRounds "9"]
[EventCountry "DEN"]

1. d4 Nf6 2. c4 g6 3. Nc3 Bg7 4. g3 d6 5. Bg2 O-O 6. Nf3 Nbd7 7. O-O e5 8. d5
Ne8 9. e4 a5 10. Ne1 Nc5 11. Nd3 Nxd3 12. Qxd3 f5 13. f3 f4 14. Ne2 g5 15. g4
h5 16. h3 Nf6 17. Bd2 Kf7 18. Rac1 Rh8 19. Kf2 c6 20. dxc6 bxc6 21. b3 Qb6+ 22.
c5 dxc5 23. Qc4+ Be6 24. Qxc5 Qxc5+ 25. Rxc5 hxg4 26. hxg4 a4 27. Rxc6 axb3 28.
axb3 Ra2 29. Bc3 Bxb3 30. Rb1 Be6 31. Rb7+ Nd7 32. Rcc7 Rd8 33. Bb2 Raa8 34.
Nc1 Rac8 35. Nd3 Kg6 36. Bf1 Rxc7 37. Rxc7 Rh8 38. Nc5 Nxc5 39. Rxc5 Ra8 40.
Ke1 Ra2 41. Bc3 Ra3 42. Be2 Bf8 43. Rc6 Kf6 44. Bb2 Ra2 45. Rxe6+ 1-0

[Event "Copenhagen Chess Challenge 2007"]
[Site "Ballerup"]
[Date "2007.??.??"]
[Round "8"]
[White "Smith, Axel"]
[Black "Skovgaard, Peter Nicolai"]
[Result "0-1"]
[WhiteElo "2251"]
[BlackElo "2243"]
[PlyCount "92"]
[EventDate "2007.??.??"]
[EventType "swiss"]
[EventRounds "9"]
[EventCountry "DEN"]

1. e4 c5 2. Nf3 d6 3. d4 cxd4 4. Nxd4 Nf6 5. Nc3 a6 6. Be3 e5 7. Nb3 Be6 8. f3
h5 9. Nd5 Bxd5 10. exd5 Nbd7 11. Be2 Qc7 12. c4 g6 13. Qd2 Bg7 14. O-O O-O 15.
Rac1 b6 16. Rfd1 Nh7 17. Na1 a5 18. Nc2 f5 19. Bh6 f4 20. Bxg7 Kxg7 21. Bd3 Ng5
22. Re1 h4 23. h3 Nc5 24. Kh2 Qd7 25. Rcd1 Rae8 26. Rf1 Qd8 27. Rde1 Nh7 28. b3
Qg5 29. Kh1 Kg8 30. Na3 Nf6 31. Qc2 Nh5 32. Kg1 Ng3 33. Bxg6 Re7 34. Rf2 Rg7
35. Bd3 Nxd3 36. Qxd3 Nf5 37. Nc2 Qg3 38. Kf1 Qh2 39. Ke2 Rxg2 40. Ref1 Ng3+
41. Kd1 Nxf1 42. Ne1 Ne3+ 43. Kc1 Rf6 44. Rxg2+ Nxg2 45. Qc2 Qxh3 46. Nxg2 Qxf3
0-1

[Event "Copenhagen Chess Challenge 2007"]
[Site "Ballerup"]
[Date "2007.??.??"]
[Round "9"]
[White "Grandelius, Nils"]
[Black "Gajic, Mladen"]
[Result "1/2-1/2"]
[WhiteElo "2192"]
[BlackElo "2094"]
[PlyCount "34"]
[EventDate "2007.??.??"]
[EventType "swiss"]
[EventRounds "9"]
[EventCountry "DEN"]

1. e4 e6 2. d4 d5 3. exd5 exd5 4. Bd3 Bd6 5. c3 Nc6 6. Ne2 Qh4 7. Nd2 Bg4 8.
Nf1 Nh6 9. Bxh6 Qxh6 10. Ne3 Be6 11. Qd2 Ne7 12. Ng3 g6 13. O-O-O Qf4 14. Kb1
a6 15. h4 h5 16. Ne2 Qh6 17. g3 c5 1/2-1/2

[Event "Copenhagen Chess Challenge 2007"]
[Site "Ballerup"]
[Date "2007.??.??"]
[Round "9"]
[White "Hansen, Lars Henrik Bech"]
[Black "Smith, Axel"]
[Result "1/2-1/2"]
[WhiteElo "2100"]
[BlackElo "2251"]
[PlyCount "77"]
[EventDate "2007.??.??"]
[EventType "swiss"]
[EventRounds "9"]
[EventCountry "DEN"]

1. e4 e6 2. d4 d5 3. Nc3 Bb4 4. Bd2 dxe4 5. Qg4 Nf6 6. Qxg7 Rg8 7. Qh6 Qxd4 8.
O-O-O Bf8 9. Qh4 Rg4 10. Qh3 Qxf2 11. Be2 Rh4 12. Qxh4 Qxh4 13. g3 Qh6 14. Bxh6
Bxh6+ 15. Kb1 a6 16. h4 e5 17. Nh3 b5 18. Ng5 Bb7 19. Rhf1 Bg7 20. g4 Nc6 21.
Nxf7 Kxf7 22. g5 Nd4 23. gxf6 Bxf6 24. Bh5+ Ke7 25. Rde1 Nf3 26. Bxf3 exf3 27.
Ne4 Bxh4 28. Re3 Bxe4 29. Rxe4 Bf6 30. Rxf3 h5 31. Rc3 Rh8 32. Rxc7+ Kd6 33.
Ra7 h4 34. Rxa6+ Kd5 35. Re1 Bg5 36. Ra5 Kc6 37. Rxe5 h3 38. Raxb5 h2 39. Rbc5+
1/2-1/2

[Event "Copenhagen Chess Challenge 2007"]
[Site "Ballerup"]
[Date "2007.??.??"]
[Round "9"]
[White "Hansen, Martin"]
[Black "Christensen, Bo Garner"]
[Result "0-1"]
[WhiteElo "2050"]
[BlackElo "2242"]
[PlyCount "94"]
[EventDate "2007.??.??"]
[EventType "swiss"]
[EventRounds "9"]
[EventCountry "DEN"]

1. e4 c5 2. c3 d5 3. exd5 Qxd5 4. d4 Nc6 5. Nf3 Bg4 6. Be2 e6 7. Na3 Nf6 8. O-O
cxd4 9. Nb5 Rc8 10. Nbxd4 Be7 11. Nxc6 bxc6 12. Nd4 Bxe2 13. Qxe2 O-O 14. Be3
c5 15. c4 Qe4 16. Nb5 a6 17. Nc3 Qh4 18. f3 Nd7 19. Bf2 Qh5 20. Ne4 Nb8 21.
Rad1 Nc6 22. Rd2 Rc7 23. Rfd1 Rfc8 24. Kh1 h6 25. Be3 Bf8 26. Qf2 Nd4 27. b3 e5
28. Nc3 g5 29. Nd5 Rc6 30. Qg3 Re8 31. Re1 Nf5 32. Qf2 Qg6 33. Nc3 h5 34. Rd5
Nd4 35. Ne4 g4 36. Nxc5 Nc2 37. Rc1 Nxe3 38. Qxe3 Bh6 39. Qe1 Bxc1 40. Qxc1
gxf3 41. gxf3 Qf5 42. Qe3 Rg6 43. Ne4 Qh3 44. Qf2 Kh8 45. Nd6 Reg8 46. Nxf7+
Kh7 47. Rd2 Qxf3+ 0-1